000
00331nam a2200145Ia 4500
008
230312s9999||||xx |||||||||||||| ||und||
020
_a
8-6302-1028-1
082
_a
720.19
_b
CUR-C
100
_a
a Cura di
245
0
_a
Camera Work
260
_b
lopera fotografica
_c
2009
300
_a
139
650
_a
Architecture
942
_c
BK
999
_c
11641
_d
11641